<?xml version="1.0" encoding="UTF-8"?>
<collection xmlns="http://www.loc.gov/MARC21/slim">
<record>
  <controlfield tag="001">120606</controlfield>
  <controlfield tag="005">20221220103620.0</controlfield>
  <datafield tag="037" ind1=" " ind2=" ">
    <subfield code="a">TAZ-TFG-2022-2544</subfield>
  </datafield>
  <datafield tag="041" ind1=" " ind2=" ">
    <subfield code="a">spa</subfield>
  </datafield>
  <datafield tag="100" ind1="1" ind2=" ">
    <subfield code="a">Cherifi Lamchichi, Mimouna</subfield>
  </datafield>
  <datafield tag="242" ind1="0" ind2="0">
    <subfield code="a">Alterations and metabolic adaptations in eating behavior  disorders. Bibliographic review</subfield>
  </datafield>
  <datafield tag="245" ind1="0" ind2="0">
    <subfield code="a">Alteraciones y adaptaciones metabólicas en trastornos  de la conducta alimentaria. Revisión bibliográfica</subfield>
  </datafield>
  <datafield tag="260" ind1=" " ind2=" ">
    <subfield code="a">Zaragoza</subfield>
    <subfield code="b">Universidad de Zaragoza</subfield>
    <subfield code="c">2022</subfield>
  </datafield>
  <datafield tag="506" ind1=" " ind2=" ">
    <subfield code="a">by-nc-sa</subfield>
    <subfield code="b">Creative Commons</subfield>
    <subfield code="c">3.0</subfield>
    <subfield code="u">http://creativecommons.org/licenses/by-nc-sa/3.0/</subfield>
  </datafield>
  <datafield tag="520" ind1=" " ind2=" ">
    <subfield code="a">Los trastornos de la conducta alimentaria se consideran trastornos de origen multifactorial &lt;br />debidos a la interacción de causas biológicas, psicológicas, familiares y socioculturales y &lt;br />provocan daños en la salud tanto física como mental. Pueden afectar a personas de cualquier &lt;br />edad, sexo, raza o nivel socioeconómico, aunque lo más frecuente es que se inicien en la &lt;br />adolescencia o en las primeras etapas de la edad adulta y preferentemente en mujeres que en &lt;br />hombres. Estos trastornos vienen representados por la bulimia y la anorexia que se &lt;br />caracterizan por una grave desnutrición debida a la fuerte preocupación en relación con el &lt;br />peso, la imagen corporal y la alimentación y constituyen la segunda causa de muerte en los &lt;br />adolescentes. &lt;br />En este TFG hemos revisado las alteraciones y adaptaciones metabólicas que ocurren en estas &lt;br />pacientes recogidas en la literatura científica y que afectan a distintos órganos y tejidos como&lt;br />hígado, corazón, riñón, y provocan una desregulación hormonal y del apetito, además, de una &lt;br />alteración de las constantes vitales entre otros. La mayoría de estas alteraciones son &lt;br />reversibles tras la realimentación mientras otras, como la densidad mineral ósea, resultan &lt;br />irreversibles para los pacientes. &lt;br />Como dietistas-nutricionistas, es sumamente importe conocer en profundidad estas &lt;br />alteraciones y adaptaciones para el abordaje de estos trastornos en el entorno de un equipo &lt;br />multidisciplinar formado principalmente por psiquiatras y psicólogos. &lt;br />&lt;br /></subfield>
  </datafield>
  <datafield tag="521" ind1=" " ind2=" ">
    <subfield code="a">Graduado en Nutrición Humana y Dietética</subfield>
  </datafield>
  <datafield tag="540" ind1=" " ind2=" ">
    <subfield code="a">Derechos regulados por licencia Creative Commons</subfield>
  </datafield>
  <datafield tag="700" ind1=" " ind2=" ">
    <subfield code="a">Moreno Loshuertos, Raquel</subfield>
    <subfield code="e">dir.</subfield>
  </datafield>
  <datafield tag="710" ind1="2" ind2=" ">
    <subfield code="a">Universidad de Zaragoza</subfield>
    <subfield code="b">Bioquímica y Biología Molecular y Celular</subfield>
    <subfield code="c">Bioquímica y Biología Molecular</subfield>
  </datafield>
  <datafield tag="856" ind1="0" ind2=" ">
    <subfield code="f">779100@unizar.es</subfield>
  </datafield>
  <datafield tag="856" ind1="4" ind2=" ">
    <subfield code="s">1221126</subfield>
    <subfield code="u">http://zaguan.unizar.es/record/120606/files/TAZ-TFG-2022-2544.pdf</subfield>
    <subfield code="y">Memoria (spa)</subfield>
  </datafield>
  <datafield tag="909" ind1="C" ind2="O">
    <subfield code="o">oai:zaguan.unizar.es:120606</subfield>
    <subfield code="p">driver</subfield>
    <subfield code="p">trabajos-fin-grado</subfield>
  </datafield>
  <datafield tag="950" ind1=" " ind2=" ">
    <subfield code="a"></subfield>
  </datafield>
  <datafield tag="980" ind1=" " ind2=" ">
    <subfield code="a">TAZ</subfield>
    <subfield code="b">TFG</subfield>
    <subfield code="c">FCSHUES</subfield>
  </datafield>
  <datafield tag="999" ind1=" " ind2=" ">
    <subfield code="a">20220623155507.CREATION_DATE</subfield>
  </datafield>
  <datafield tag="951" ind1=" " ind2=" ">
    <subfield code="a">deposita:2022-12-20</subfield>
  </datafield>
</record>
</collection>